Die malarei und plastik des mittelalters II (Record no. 8000)
[ view plain ]
| 000 -CABECERA | |
|---|---|
| campo de control de longitud fija | 01098nam a2200289 a 4500 |
| 001 - NÚMERO DE CONTROL | |
| campo de control | BRCA_8332 |
| 005 - FECHA Y HORA DE LA ÚLTIMA TRANSACCIÓN | |
| campo de control | 20190320210232.0 |
| 008 - DATOS DE LONGITUD FIJA--INFORMACIÓN GENERAL | |
| campo de control de longitud fija | 020714s1930----gw-a###f##---#001-0#ger-# |
| 041 ## - CÓDIGO DE LENGUA | |
| Código de lengua del texto/banda sonora o título independiente | ger |
| 044 ## - CÓDIGO DEL PAÍS DE LA ENTIDAD EDITORA/PRODUCTORA | |
| Código MARC del país | gw |
| 050 #4 - SIGNATURA TOPOGRÁFICA DE LA BIBLIOTECA DEL CONGRESO | |
| Número de clasificación | N5970 |
| Número de documento/Ítem | .B3 1930 |
| 100 1# - ENTRADA PRINCIPAL--NOMBRE DE PERSONA | |
| Nombre de persona | Baum, Julius |
| 9 (RLIN) | 20835 |
| 245 10 - MENCIÓN DE TÍTULO | |
| Título | Die malarei und plastik des mittelalters II |
| Resto del título | Deutschland, Frankreich und Britannien. |
| Mención de responsabilidad, etc. | von Julius Baum ; begründet von Fritz Burger ; herausgegeben von A. E. Brinckmann. |
| 260 ## - PUBLICACIÓN, DISTRIBUCIÓN, ETC. | |
| Lugar de publicación, distribución, etc. | Alemania |
| Nombre del editor, distribuidor, etc. | Akademische Verlagsgesellschaft Athenaion |
| Fecha de publicación, distribución, etc. | 1930 |
| 300 ## - DESCRIPCIÓN FÍSICA | |
| Extensión | 391 p. |
| Otras características físicas | il. (algunas a color), 23 láminas |
| Dimensiones | 29 cm. |
| 440 #0 - MENCIÓN DE SERIE/PUNTO DE ACCESO ADICIONAL--TÍTULO | |
| Título | Handbuch der Kunstwissenschaft |
| 9 (RLIN) | 20836 |
| 500 ## - NOTA GENERAL | |
| Nota general | Incluye índice de obras, índice onomástico e índice de ilustraciones |
| 500 ## - NOTA GENERAL | |
| Nota general | Ver también R37 (parte I) |
| 500 ## - NOTA GENERAL | |
| Nota general | R44 |
| 650 14 - PUNTO DE ACCESO ADICIONAL DE MATERIA--TÉRMINO DE MATERIA | |
| Término de materia o nombre geográfico como elemento de entrada | Arte alemán |
| Subdivisión de forma | Pintura y escultura |
| 9 (RLIN) | 20837 |
| 650 14 - PUNTO DE ACCESO ADICIONAL DE MATERIA--TÉRMINO DE MATERIA | |
| Término de materia o nombre geográfico como elemento de entrada | Arte francés |
| Subdivisión de forma | Pintura y escultura |
| 9 (RLIN) | 20838 |
| 650 14 - PUNTO DE ACCESO ADICIONAL DE MATERIA--TÉRMINO DE MATERIA | |
| Término de materia o nombre geográfico como elemento de entrada | Arte británico |
| Subdivisión de forma | Pintura y escultura |
| 9 (RLIN) | 20839 |
| 700 1# - PUNTO DE ACCESO ADICIONAL--NOMBRE DE PERSONA | |
| Nombre de persona | Burger, Fritz |
| 9 (RLIN) | 20840 |
| 700 1# - PUNTO DE ACCESO ADICIONAL--NOMBRE DE PERSONA | |
| Nombre de persona | Brinckmann, A. E. |
| Término indicativo de función/relación | ed. |
| 9 (RLIN) | 20841 |
| 902 ## - CATALOGADOR | |
| Iniciales | GFM |
| 942 ## - ELEMENTOS DE PUNTO DE ACCESO ADICIONAL (KOHA) | |
| Fuente del sistema de clasificación o colocación | Library of Congress Classification |
| Tipo de ítem Koha | Libros |
| Estado de retiro | Estado de pérdida | Estado dañado | No para préstamo | Localización permanente | Ubicación/localización actual | Fecha de adquisición | Número de inventario | Total de préstamos | Signatura topográfica completa | Código de barras | Fecha visto por última vez | Precio válido a partir de | Tipo de ítem Koha |
|---|---|---|---|---|---|---|---|---|---|---|---|---|---|
| El ejemplar forma parte de la colección y puede ser consultado según las políticas vigentes. | Biblioteca del Museo Franz Mayer (Rogerio Casas-Alatriste) | Biblioteca del Museo Franz Mayer (Rogerio Casas-Alatriste) | 02/07/2014 | R44 | N5970 .B3 1930 (R44) | 8956 | 22/03/2019 | 22/03/2019 | Libros |